Land rights,landed hierarchy and village community during the Mughal age / (Record no. 138622)

MARC details
000 -LEADER
fixed length control field 00799nam a22002297a 4500
005 - DATE AND TIME OF LATEST TRANSACTION
control field 20170403130448.0
010 ## - LCCN (DPL NO)
LC control number ENG-117686
020 ## - INTERNATIONAL STANDARD BOOK NUMBER
International Standard Book Number 9788188629268
Terms of availability 750.00
035 ## - SYSTEM CONTROL NUMBER
System control number EN-101218
037 ## - SOURCE OF ACQUISITION
Source of stock number/acquisition DABD/PUB
082 ## - DEWEY DECIMAL CLASSIFICATION NUMBER
Classification number 333.00954
245 ## - TITLE STATEMENT
Title Land rights,landed hierarchy and village community during the Mughal age /
Statement of responsibility, etc edited by Amrita Grover, Anju Grover Chaudhary [and] J. C. Dua
260 ## - PUBLICATION, DISTRIBUTION, ETC. (IMPRINT)
Place of publication, distribution, etc Delhi
Name of publisher, distributor, etc Originals
Date of publication, distribution, etc 2005
270 ## - ADDRESS
Address A-6 Nimri Commercial Center,Near Ashok Vihar Phase-IV
City Delhi
Postal code 110052
300 ## - PHYSICAL DESCRIPTION
Extent xx,341p.
Dimensions 23cm(Hb)
490 ## - SERIES STATEMENT
Series statement Collected works of Professor B.R. Grover ; vol-1
500 ## - GENERAL NOTE
General note Includes index
700 ## - ADDED ENTRY--PERSONAL NAME
Personal name Grover,Amrita
700 ## - ADDED ENTRY--PERSONAL NAME
Personal name Grover Chaudhary,Anju
700 ## - ADDED ENTRY--PERSONAL NAME
Personal name . Dua, J. C
942 ## - ADDED ENTRY ELEMENTS (KOHA)
Source of classification or shelving scheme Dewey Decimal Classification
Item type English Books
Classification part 333.00954
Call number suffix LAN
Holdings
Withdrawn status Lost status Not for loan Collection code Home library Current library Date acquired Source of acquisition Cost, normal purchase price Full call number Barcode Copy number Cost, replacement price Koha item type
    Not For Loan Non-fiction D.B.Act.Division Bawana 31/03/2017 DBAD/PUB 750.00 333.00954 LAN EN-101218 1 750.00 English Books

© Delhi Public Library
Hit Counter
free hit counter